UK leads the way on green buildings in the USA (Record no. 77902)
[ view plain ]
| 000 -LEADER | |
|---|---|
| fixed length control field | 01078cab a2200217 4500 |
| 001 - CONTROL NUMBER | |
| control field | ##L135472 |
| 008 - FIXED-LENGTH DATA ELEMENTS--GENERAL INFORMATION | |
| fixed length control field | 061030n2006 000 0 eng u |
| 035 ## - SYSTEM CONTROL NUMBER | |
| System control number | (Sirsi) u135472 |
| 041 0# - LANGUAGE CODE | |
| Language code of text/sound track or separate title | eng |
| 110 2# - MAIN ENTRY--CORPORATE NAME | |
| Corporate name or jurisdiction name as entry element | UK Trade and Investment |
| 9 (RLIN) | 4699 |
| 245 00 - TITLE STATEMENT | |
| Title | UK leads the way on green buildings in the USA |
| 260 ## - PUBLICATION, DISTRIBUTION, ETC. | |
| Date of publication, distribution, etc. | 2006 |
| 490 0# - SERIES STATEMENT | |
| Series statement | GNN Press Release |
| Volume/sequential designation | (139700P) 26 October 2006 |
| 520 ## - SUMMARY, ETC. | |
| Summary, etc. | The rapidly expanding green buildings market in the US will provide many opportunities for UK companies with their experience and expertise in using green building materials and creating sustainable buildings. It is estimated by 2010 between 5% and 10% of new non-residential construction starts in the US will be using green building principles, valued between $10.2bn and $20.5bn. |
| 590 ## - LOCAL NOTE (RLIN) | |
| Local note | IKA311006 |
| 651 #4 - SUBJECT ADDED ENTRY--GEOGRAPHIC NAME | |
| Geographic name | United Kingdom |
| Chronological subdivision | |
| 651 #4 - SUBJECT ADDED ENTRY--GEOGRAPHIC NAME | |
| Geographic name | UNITED STATES |
| 690 ## - LOCAL SUBJECT ADDED ENTRY--TOPICAL TERM (OCLC, RLIN) | |
| Topical term or geographic name as entry element | BUILT ENVIRONMENT-SUSTAINABLE CONSTRUCTION |
| 856 40 - ELECTRONIC LOCATION AND ACCESS | |
| Uniform Resource Identifier | <a href="https://www.ciob.org.uk/news/uk-leads-way-green-buildings-usa">https://www.ciob.org.uk/news/uk-leads-way-green-buildings-usa</a> |
| Public note | View the item free of charge at the www.ciob.org.uk website. |
| 942 ## - ADDED ENTRY ELEMENTS (KOHA) | |
| Suppress in OPAC | 0 |
| Withdrawn status | Lost status | Source of classification or shelving scheme | Damaged status | Not for loan | Home library | Current library | Shelving location | Date acquired | Total Checkouts | Full call number | Barcode | Date last seen | Copy number | Price effective from | Koha item type |
|---|---|---|---|---|---|---|---|---|---|---|---|---|---|---|---|
| Dewey Decimal Classification | Virtual | Virtual | Online | 30/10/2006 | ONLINE PUBLICATION | 135472-2001 | 06/08/2019 | 1 | 06/08/2019 | Journal article |